|
|
|
|
| LEADER |
00790nam a22001937a 4500 |
| 020 |
|
|
|a 93-821-6744-7
|
| 082 |
|
|
|a 894.M3
|b RAM/M Q3
|
| 100 |
|
|
|a സി വി രാമന്പിള്ള;
|9 1036
|
| 100 |
|
|
|a C V Ramanpillai
|9 1037
|
| 240 |
|
|
|a Marthandavarmma
|
| 245 |
|
|
|a മാര്ത്താണ്ഡവര്മ്മ
|
| 250 |
|
|
|a 1st
|
| 260 |
|
|
|a Thiruvananthapuram;
|b Chintha Publishers;
|c 2013
|
| 300 |
|
|
|a 312p.
|
| 650 |
|
|
|a മലയാളം; മലയാളം നോവല്
|9 30781
|
| 650 |
|
|
|a Malayalam; Malayalam Novel; Literature; Malayalam Fiction
|9 30782
|
| 942 |
|
|
|c BK
|
| 999 |
|
|
|c 36389
|d 36389
|
| 952 |
|
|
|0 0
|1 0
|4 0
|6 894_000000000000000_M3_RAM_M_Q3
|7 0
|8 FIC
|9 40799
|a MAL
|b MAL
|d 2015-06-05
|e 53705
|g 170.00
|l 0
|o 894.M3 RAM/M Q3
|p MAL053705
|r 2015-06-05
|t 1
|w 2015-06-05
|y BK
|